000 01390cas a22002535a 4500
001 L153366
008 110718c2009 xxkfr eng u
035 _a(Sirsi) u153366
041 0 _aeng
050 _a333.33 $2 18
110 2 _aCushman & Wakefield
_95888
245 0 0 _aMarketbeat
_bshopping centre development report United Kingdom
_h[electronic resource]
260 _aLondon
_bCushman & Wakefield
_c2009-
362 0 _aApril 2009-
490 0 _aCushman & Wakefield Marketbeat Shopping Centre Development Report United Kingdom
520 _aOne page summary of UK shopping centre development activity providing comment on recent trends as well as market data: overview, market size, leading developers, leading centres, tenure and lease structures, planning issues, investment market, and outlook.
554 _aTwo per year
650 2 4 _aCUSHMAN & WAKEFIELD MARKEATBEAT SHOPPING CENTRE DEVELOPMENT UNITED KINGDOM
651 4 _aUnited Kingdom
_y
690 _aPROPERTY-COMMERCIAL PROPERTY-COMMERCIAL PROPERTY FINANCE AND INVESTMENT
690 _aPROPERTY-COMMERCIAL PROPERTY-COMMERCIAL PROPERTY MARKET
856 4 0 _uhttps://www.cushwake.com/cwglobal/jsp/kcLocalReportLanding.jsp?Country=GLOBAL&Language=EN&catId=100004
_zView the report free of charge after registration (highlight Europe, United Kingdom and Retail in the search boxes) at www.cushwake.com
942 _n0
999 _c119332
_d119332